[Event "World Blitz 2025"]
[Site "Doha QAT"]
[Date "2025.12.30"]
[Round "15.52"]
[White "Bharath, Subramaniyam H"]
[Black "Wojtaszek, Radoslaw"]
[Result "1/2-1/2"]
[WhiteTitle "GM"]
[BlackTitle "GM"]
[WhiteElo "2576"]
[BlackElo "2667"]
[WhiteFideId "46634827"]
[BlackFideId "1118358"]
[EventDate "2025.12.29"]

1. e4 e5 2. Nf3 Nc6 3. d4 exd4 4. Bc4 Bc5 5. O-O d6 6. c3 dxc3 7. Nxc3 h6 8. e5
Nge7 9. Ne4 Bf5 10. Nxc5 dxc5 11. Qb3 O-O 12. Rd1 Qc8 13. Qe3 b6 14. Bd2 Rd8 15.
Qe2 Bg4 16. Bc3 Qf5 17. Bd3 Qh5 18. Be4 Bf5 19. Bxc6 Nxc6 20. h3 Be6 21. Kh2 Bd5
22. g4 Qg6 23. Nh4 Qe4 24. Qxe4 Bxe4 25. Re1 Bd3 26. f4 Re8 27. Re3 c4 28. Rae1
b5 29. a3 a5 30. e6 fxe6 31. Rxe6 Rxe6 32. Rxe6 Ra6 33. Nf3 b4 34. axb4 axb4 35.
Bd2 c3 36. bxc3 b3 37. Bc1 Bc4 38. Re8+ Kf7 39. Rc8 Ra7 40. Nd2 Ba6 41. Rh8 Na5
42. Rb8 Rb7 43. Rxb7 Bxb7 44. Ba3 Bd5 45. Bb4 Nc6 46. Ba3 Na5 47. Bb4 Nc6 48.
Ba3 Na5 1/2-1/2

[Event "World Blitz 2025"]
[Site "Doha QAT"]
[Date "2025.12.30"]
[Round "15.53"]
[White "Tsaruk, Maksim"]
[Black "Vokhidov, Shamsiddin"]
[Result "1-0"]
[WhiteTitle "GM"]
[BlackTitle "GM"]
[WhiteElo "2515"]
[BlackElo "2641"]
[WhiteFideId "13511173"]
[BlackFideId "14204223"]
[EventDate "2025.12.29"]

1. e4 c5 2. c3 Nf6 3. e5 Nd5 4. Nf3 e6 5. Bc4 d6 6. d4 cxd4 7. cxd4 Be7 8. O-O
O-O 9. Qe2 Bd7 10. Rd1 Bc6 11. Bxd5 Bxd5 12. Nc3 Qd7 13. Nxd5 exd5 14. Bf4 Nc6
15. Rac1 Rac8 16. Rc3 a6 17. Qc2 dxe5 18. dxe5 Rfd8 19. a3 h6 20. h3 Qe6 21. Qe2
Qf5 22. Bg3 Qe6 23. Rcd3 Bc5 24. Kh2 Rd7 25. Qd2 Ne7 26. Rc1 Rdc7 27. Rdc3 Bb6
28. Nd4 Qd7 29. Rxc7 Bxc7 30. Qd3 Bb6 31. Rd1 Rc4 32. Nf3 Qe6 33. b3 Rc8 34. Bf4
Ng6 35. Bg3 Ne7 36. a4 Rc7 37. b4 Rc4 38. a5 Ba7 39. Qb3 Nf5 40. b5 Bc5 41. bxa6
bxa6 42. Qb7 Nxg3 43. fxg3 d4 44. Rd3 Rc3 45. Nxd4 Bxd4 46. Qa8+ Kh7 47. Qe4+ f5
48. Qxd4 Rxd3 49. Qxd3 Qxe5 50. Qxa6 f4 51. Qd3+ Kh8 52. a6 fxg3+ 53. Qxg3 Qa5
54. Qb8+ 1-0

[Event "World Blitz 2025"]
[Site "Doha QAT"]
[Date "2025.12.30"]
[Round "15.54"]
[White "Hong, Andrew"]
[Black "Sychev, Klementy"]
[Result "0-1"]
[WhiteTitle "GM"]
[BlackTitle "GM"]
[WhiteElo "2568"]
[BlackElo "2517"]
[WhiteFideId "2099438"]
[BlackFideId "4114060"]
[EventDate "2025.12.29"]

1. e4 e5 2. Nf3 Nc6 3. Bc4 Nf6 4. d3 d5 5. exd5 Nxd5 6. O-O Nb6 7. Bb3 Bg4 8. h3
Bh5 9. Re1 Qe7 10. Nbd2 O-O-O 11. Ne4 Nd4 12. g4 Bg6 13. Nxd4 Rxd4 14. Be3 Rd8
15. Qf3 f6 16. a4 Bxe4 17. Qxe4 a5 18. d4 h5 19. dxe5 fxe5 20. Qf5+ Kb8 21. Bg5
Qd6 22. Bxd8 Qxd8 23. g5 Bd6 24. g6 Rf8 25. Bf7 h4 26. Re4 Qe7 27. Rae1 Nd7 28.
Rc4 Nb6 29. Rg4 Nd7 30. Qg5 Nf6 31. Rxh4 Rd8 32. Rd1 e4 33. Kf1 Qd7 34. b3 Qc6
35. Bc4 e3 36. Qg2 e2+ 37. Bxe2 Qxc2 38. Qf3 Re8 39. Rc4 Qxg6 40. Bd3 Qh6 41.
Re1 Rf8 42. Qg2 Nh5 43. Be4 Nf4 44. Qg4 Nxh3 45. Rc2 Nf4 46. Re3 Rh8 47. Rg3 Qf6
48. Qxg7 Qd8 49. Rd2 Rf8 50. Qg5 Qe8 51. Re3 Rh8 52. Qb5 Qc8 53. Qxa5 Qe6 54.
Qb5 Qxe4 55. Qd3 Rh1# 0-1

[Event "World Blitz 2025"]
[Site "Doha QAT"]
[Date "2025.12.30"]
[Round "15.55"]
[White "Adhiban, Baskaran"]
[Black "Xiao, Tong(QD)"]
[Result "1/2-1/2"]
[WhiteTitle "GM"]
[BlackTitle "GM"]
[WhiteElo "2557"]
[BlackElo "2555"]
[WhiteFideId "5018471"]
[BlackFideId "8622388"]
[EventDate "2025.12.29"]

1. d4 e6 2. Nf3 Nf6 3. c4 b6 4. Bf4 Bb7 5. e3 Bb4+ 6. Nfd2 Be7 7. Nc3 d5 8. cxd5
exd5 9. Bd3 O-O 10. Rc1 c5 11. Nf3 Nc6 12. O-O c4 13. Bb1 a6 14. e4 dxe4 15.
Nxe4 b5 16. Nc5 Bc8 17. h3 Nxd4 18. Nxd4 Bxc5 19. Qf3 Qxd4 20. Be3 Qd5 21. Qxd5
Nxd5 22. Bxc5 Re8 23. Rfd1 Bb7 24. f3 Rac8 25. Bd4 Nf4 26. Kf1 h5 27. h4 Ne2 28.
Rc2 Nxd4 29. Rxd4 Re7 30. Rcd2 Rce8 31. Kf2 g6 32. Rd7 b4 33. Bc2 Rxd7 34. Rxd7
Bc6 35. Rc7 Bb5 36. Be4 Rd8 37. Ke3 Rd1 38. g4 hxg4 39. fxg4 Kg7 40. g5 Re1+ 41.
Kd4 Rd1+ 42. Ke5 Re1 43. Kd4 Re2 44. Bd5 Rd2+ 45. Ke5 Re2+ 46. Kd4 Rd2+ 47. Ke5
Rf2 48. Kd4 Rd2+ 49. Ke5 Re2+ 50. Kd4 Rd2+ 51. Ke4 1/2-1/2

[Event "World Blitz 2025"]
[Site "Doha QAT"]
[Date "2025.12.30"]
[Round "15.56"]
[White "Ponkratov, Pavel"]
[Black "Lobanov, Sergei"]
[Result "0-1"]
[WhiteTitle "GM"]
[BlackTitle "GM"]
[WhiteElo "2587"]
[BlackElo "2527"]
[WhiteFideId "4157800"]
[BlackFideId "24183750"]
[EventDate "2025.12.29"]

1. Nf3 d5 2. g3 Nc6 3. d4 Bf5 4. Bg2 e6 5. O-O Nb4 6. Ne1 Be7 7. c4 Nf6 8. Nc3
O-O 9. a3 Nc6 10. cxd5 exd5 11. Bg5 Ne4 12. Bf4 Bf6 13. Nf3 Nxc3 14. bxc3 Be4
15. Bh3 Bxf3 16. exf3 Na5 17. Be5 Nc4 18. Re1 Bxe5 19. dxe5 c6 20. f4 f6 21. Qd3
Qe7 22. e6 Nxa3 23. Bf5 h6 24. Rxa3 Qxa3 25. Qe2 Qe7 26. Qg4 g5 27. h4 Rae8 28.
Kg2 Qg7 29. hxg5 fxg5 30. Rh1 Re7 31. fxg5 Qxg5 32. Qxg5+ hxg5 33. g4 Kg7 34.
Rh5 Rxf5 35. gxf5 Kf6 36. f4 Kxf5 0-1

[Event "World Blitz 2025"]
[Site "Doha QAT"]
[Date "2025.12.30"]
[Round "15.57"]
[White "Dau Khuong Duy"]
[Black "Henriquez Villagra, Cristobal"]
[Result "1-0"]
[WhiteTitle "IM"]
[BlackTitle "GM"]
[WhiteElo "2489"]
[BlackElo "2598"]
[WhiteFideId "12424722"]
[BlackFideId "3409350"]
[EventDate "2025.12.29"]

1. e4 c5 2. Nf3 d6 3. d4 cxd4 4. Nxd4 Nf6 5. Nc3 Nc6 6. Nb3 g6 7. Be2 Bg7 8. O-O
O-O 9. Be3 a6 10. a4 Be6 11. f4 Rc8 12. Kh1 Na5 13. Nd4 Bc4 14. Bd3 Bxd3 15.
cxd3 Nc6 16. Nxc6 Rxc6 17. d4 d5 18. e5 Ne4 19. Nxe4 dxe4 20. d5 Rc4 21. Qd2 Qd7
22. b3 Rcc8 23. Rad1 f6 24. e6 Qd6 25. f5 Rfd8 26. b4 Qe5 27. Bb6 gxf5 28. Bxd8
Rxd8 29. Qf4 Rxd5 30. Rxd5 Qxd5 31. Qxf5 Qc4 32. Rd1 Bf8 33. h3 Kg7 34. Re1 Qxb4
35. Rxe4 Qb1+ 36. Kh2 Kh8 37. Qd5 Bh6 38. Qd8+ Kg7 39. Rg4+ Bg5 40. Qxe7+ Kg6
41. Qf7+ Kh6 42. Rxg5 Kxg5 43. e7 Qc1 44. Qd5+ Kh6 45. e8=Q Qf4+ 46. g3 1-0

[Event "World Blitz 2025"]
[Site "Doha QAT"]
[Date "2025.12.30"]
[Round "15.58"]
[White "Nesterov, Arseniy"]
[Black "Meng, Yihan"]
[Result "1-0"]
[WhiteTitle "GM"]
[BlackTitle "IM"]
[WhiteElo "2595"]
[BlackElo "2456"]
[WhiteFideId "24198455"]
[BlackFideId "8631891"]
[EventDate "2025.12.29"]

1. d4 d5 2. c4 dxc4 3. Nf3 Nf6 4. e3 e6 5. Bxc4 c5 6. O-O a6 7. b3 cxd4 8. Nxd4
Be7 9. Bb2 O-O 10. Be2 b5 11. a4 bxa4 12. Rxa4 Bb7 13. Nd2 Nbd7 14. Qa1 Nc5 15.
Rc4 Bd5 16. Rc2 Qb6 17. Nc4 Qb8 18. Na5 Rc8 19. Rfc1 Be4 20. Rc3 Ra7 21. b4 Qxb4
22. Rb3 Qd2 23. Rbc3 Rb8 24. Nc4 Qxb2 25. Nxb2 1-0

[Event "World Blitz 2025"]
[Site "Doha QAT"]
[Date "2025.12.30"]
[Round "15.59"]
[White "Maksimovic, Bojan"]
[Black "Sasikiran, Krishnan"]
[Result "0-1"]
[WhiteTitle "GM"]
[BlackTitle "GM"]
[WhiteElo "2533"]
[BlackElo "2538"]
[WhiteFideId "14408120"]
[BlackFideId "5004985"]
[EventDate "2025.12.29"]

1. d4 Nf6 2. Bg5 d5 3. Nd2 c5 4. dxc5 Nc6 5. a3 a5 6. e4 e6 7. Bxf6 Qxf6 8. Ngf3
Bxc5 9. c3 O-O 10. Bd3 Rd8 11. O-O Ba7 12. Qe2 g6 13. e5 Qe7 14. Nb3 Bd7 15.
Rac1 Rac8 16. h4 Bb8 17. Nbd4 f6 18. exf6 Qxf6 19. Rce1 Re8 20. Nxc6 bxc6 21.
Ne5 Qxh4 22. g3 Qe7 23. Kg2 Bxe5 24. Qxe5 c5 25. Rh1 Qg7 26. Qg5 e5 27. Rh4 e4
28. Qxd5+ Be6 29. Qxe4 Bh3+ 30. Kxh3 Rxe4 31. Rhxe4 Qd7+ 0-1

[Event "World Blitz 2025"]
[Site "Doha QAT"]
[Date "2025.12.30"]
[Round "15.60"]
[White "Suyarov, Mukhammadzokhid"]
[Black "Esipenko, Andrey"]
[Result "0-1"]
[WhiteTitle "IM"]
[BlackTitle "GM"]
[WhiteElo "2454"]
[BlackElo "2698"]
[WhiteFideId "14210495"]
[BlackFideId "24175439"]
[EventDate "2025.12.29"]

1. d4 d5 2. Nc3 Bf5 3. f3 e6 4. e4 Bg6 5. h4 h6 6. h5 Bh7 7. Bf4 Bb4 8. exd5
Qxd5 9. Ne2 Qd8 10. d5 exd5 11. Qd4 Nc6 12. Qxg7 Qf6 13. Qxf6 Nxf6 14. O-O-O
O-O-O 15. Nb5 Ne8 16. g3 Bf5 17. g4 Be6 18. Nbd4 Nxd4 19. Nxd4 Bd7 20. Bd3 Bd6
21. Bd2 Ng7 22. b4 Be5 23. c3 Ne6 24. Nf5 Nf4 25. Bc2 Bb5 26. Rhe1 Be2 27. Kb1
Bxd1 28. Bxd1 f6 29. Bxf4 Bxf4 30. Ne7+ Kb8 31. Ng6 Bd2 32. Re2 Bxc3 33. Nxh8
Rxh8 34. a3 Be5 35. Rf2 Bf4 36. Re2 Be5 37. Bc2 c6 38. Rf2 Bg3 39. Re2 Be5 40.
Rf2 Kc7 41. f4 Bd6 42. Bg6 b5 43. Kc2 Kb6 44. Kb3 a5 45. bxa5+ Kxa5 46. g5 fxg5
47. fxg5 Kb6 48. Rf6 Be7 49. Re6 Bxg5 50. Be8 Rxe8 51. Rxe8 c5 52. Re6+ Ka5 53.
Rd6 d4 54. Kc2 Be3 55. Kd3 c4+ 56. Ke4 Ka4 57. Rb6 Ka5 58. Rd6 b4 59. axb4+ Kxb4
60. Rc6 Kc3 61. Rd6 Kc2 62. Rg6 Kb3 63. Rc6 Kc3 64. Rd6 Kb4 65. Rc6 Kb3 66. Rb6+
Kc2 67. Rg6 Kc3 68. Rd6 Kd2 69. Rg6 Ke2 70. Ra6 d3 71. Ra2+ d2 72. Ra1 Bg5 73.
Kd4 Bf6+ 0-1

[Event "World Blitz 2025"]
[Site "Doha QAT"]
[Date "2025.12.30"]
[Round "15.61"]
[White "Gavrilescu, David"]
[Black "Santos Latasa, Jaime"]
[Result "0-1"]
[WhiteTitle "GM"]
[BlackTitle "GM"]
[WhiteElo "2542"]
[BlackElo "2616"]
[WhiteFideId "1227190"]
[BlackFideId "2293307"]
[EventDate "2025.12.29"]

1. e4 c5 2. b3 d6 3. Bb2 Nf6 4. Bb5+ Nbd7 5. d3 g6 6. f4 Bg7 7. Nf3 Qa5+ 8. Nc3
Nxe4 9. dxe4 Bxc3+ 10. Bxc3 Qxc3+ 11. Kf2 O-O 12. Bd3 Nf6 13. h3 d5 14. exd5
Nxd5 15. g3 Nb4 16. Be4 Bf5 17. Bxf5 gxf5 18. Qe2 Qxc2 19. Qxc2 Nxc2 20. Rac1
Nb4 21. Ke2 b6 22. a3 Nd5 23. Ne5 Rfd8 24. Rhf1 f6 25. Nc4 h5 26. Kf3 Kf7 27.
Rfe1 e6 28. Rc2 Nc7 29. Re3 Rd4 30. b4 b5 31. Na5 c4 32. Rce2 a6 33. Nb7 Rb8 34.
Nc5 Rd6 35. g4 hxg4+ 36. hxg4 fxg4+ 37. Kxg4 Rg8+ 38. Kf3 Rh8 39. Kg3 Rh6 40.
Ne4 Rd4 41. Nc5 Rg6+ 42. Kf3 f5 43. Rg2 Rxg2 44. Kxg2 Nd5 45. Re1 Nxf4+ 46. Kg3
Nd3 47. Rd1 Rg4+ 48. Kf3 Nxc5 49. bxc5 c3 0-1

[Event "World Blitz 2025"]
[Site "Doha QAT"]
[Date "2025.12.30"]
[Round "15.62"]
[White "Drygalov, Sergey"]
[Black "Ibarra Jerez, Jose Carlos"]
[Result "1-0"]
[WhiteTitle "GM"]
[BlackTitle "GM"]
[WhiteElo "2571"]
[BlackElo "2532"]
[WhiteFideId "24171743"]
[BlackFideId "2226332"]
[EventDate "2025.12.29"]

1. d4 Nf6 2. c4 d6 3. Nf3 g6 4. Nc3 Bf5 5. h3 Ne4 6. Nd5 c6 7. Ne3 Bd7 8. Qc2 f5
9. g4 e6 10. Bg2 Bg7 11. O-O O-O 12. Rb1 c5 13. dxc5 dxc5 14. Nd2 Nxd2 15. Bxd2
Nc6 16. Qd1 Qh4 17. b4 Nd4 18. b5 Rad8 19. f4 e5 20. Qe1 Qxe1 21. Rbxe1 exf4 22.
Rxf4 Bh6 23. Rff1 fxg4 24. hxg4 Rfe8 25. Kf2 Bxg4 26. Nxg4 Bxd2 27. Rd1 Rxe2+
28. Kg3 Nf5+ 29. Kf3 Re6 30. Kf2 h5 31. Bd5 Rxd5 32. cxd5 Rd6 33. Rxd2 hxg4 34.
Rg1 g3+ 35. Kf3 Kf7 36. Ke4 Kf6 37. Rd3 Rd7 38. d6 Nxd6+ 39. Kf3 c4 40. Rd4 Ke5
41. Rgd1 Rf7+ 42. Kg2 Rf2+ 43. Kg1 Nf5 44. Rxc4 Rxa2 45. Re1+ Kf6 46. Rg4 b6 47.
Rf1 Rb2 48. Rxg3 Rxb5 49. Ra3 a5 50. Raa1 Ke6 51. Rfe1+ Kd6 52. Kf2 Rb3 53.
Red1+ Kc6 54. Rac1+ Kb7 55. Rd7+ Ka6 56. Rc6 g5 57. Ke2 g4 58. Rf6 Ng3+ 59. Kd1
Ne4 60. Rf4 Rb4 61. Kc2 g3 62. Rg7 Kb5 63. Rgg4 Rc4+ 64. Kb2 Nd6 65. Rxc4 Nxc4+
66. Kc3 Nd6 67. Kd3 a4 68. Rxg3 Ka5 69. Rg6 Nb7 70. Kc4 b5+ 71. Kc3 Nc5 72. Rc6
Na6 73. Rc8 Kb6 74. Rh8 Nc7 75. Rh5 Kc6 76. Kb4 Nd5+ 77. Ka3 Kc5 78. Rg5 Kc4 79.
Rg4+ Kc5 80. Rg5 Kc6 81. Rg6+ Kb7 82. Rd6 Nc7 83. Kb4 Kc8 84. Kc5 Kb7 85. Rb6+
Ka7 86. Kc6 Na6 87. Kxb5 Nc7+ 88. Kc6 Na6 89. Rb7+ Ka8 90. Rb5 Nb8+ 91. Kc7 Na6+
92. Kb6 1-0

[Event "World Blitz 2025"]
[Site "Doha QAT"]
[Date "2025.12.30"]
[Round "15.63"]
[White "Vetokhin, Savva"]
[Black "Shimanov, Aleksandr"]
[Result "0-1"]
[WhiteTitle "GM"]
[BlackTitle "GM"]
[WhiteElo "2572"]
[BlackElo "2578"]
[WhiteFideId "44144474"]
[BlackFideId "4198603"]
[EventDate "2025.12.29"]

1. d4 g6 2. c4 Bg7 3. Nf3 d6 4. Nc3 Nd7 5. e4 Ngf6 6. Be3 e5 7. d5 Nc5 8. Qc2 a5
9. Be2 O-O 10. Nd2 Ng4 11. Bxg4 Bxg4 12. f3 Bd7 13. O-O f5 14. b3 f4 15. Bf2 g5
16. a3 g4 17. b4 axb4 18. axb4 Rxa1 19. Rxa1 Na6 20. Qb3 Qg5 21. Kh1 g3 22. Bg1
Rf6 23. Nf1 Rg6 24. Ra2 Bh3 25. Qb2 Nxb4 26. Ra8+ Kf7 27. hxg3 fxg3 28. Be3 Qh5
29. Qxb4 Rf6 30. Nxg3 Bxg2+ 31. Kg1 Qxf3 32. Qxb7 Qxg3 33. Qxc7+ Kg6 34. Ne2
Rf1# 0-1

[Event "World Blitz 2025"]
[Site "Doha QAT"]
[Date "2025.12.30"]
[Round "15.64"]
[White "Chasin, Nico"]
[Black "Muradli, Mahammad"]
[Result "0-1"]
[WhiteTitle "IM"]
[BlackTitle "GM"]
[WhiteElo "2517"]
[BlackElo "2581"]
[WhiteFideId "30908477"]
[BlackFideId "13409301"]
[EventDate "2025.12.29"]

1. c4 e6 2. Nc3 d5 3. d4 Nf6 4. cxd5 exd5 5. Bg5 c6 6. e3 Bf5 7. Qf3 Bg6 8. Bxf6
Qxf6 9. Qxf6 gxf6 10. h4 h5 11. Nge2 a5 12. Nf4 Bd6 13. g3 Nd7 14. Kd2 a4 15.
Bd3 Bxd3 16. Nxd3 f5 17. b3 axb3 18. axb3 Ke7 19. Ne2 Nf6 20. f3 Rhg8 21. Ndf4
Kd7 22. Kc3 Rae8 23. Kd3 Re7 24. Rhe1 Bxf4 25. gxf4 Re6 26. Kd2 Nh7 27. Rg1 Reg6
28. Rxg6 fxg6 29. Nc1 Re8 30. Nd3 Nf8 31. Ne5+ Kc7 32. Rg1 Re6 33. Kd3 b6 34. b4
Kb7 35. Rg2 Rf6 36. b5 cxb5 37. Rb2 Ne6 38. Rxb5 Nc7 39. Rb2 b5 40. Rg2 Ra6 41.
Rxg6 Ra3+ 42. Kd2 b4 43. Nd3 b3 44. Nc5+ Ka7 45. Kc3 b2+ 46. Kxb2 Rxe3 47. Rg5
Rxf3 48. Rxf5 Nb5 49. Ne6 Rh3 50. Rxh5 Kb6 51. Rh8 Ka5 52. Kc2 Kb4 53. Kd2 Rh2+
54. Ke3 Nc3 55. Kf3 Ne4 56. Kg4 Kc4 57. Kf5 Nd6+ 58. Kg6 Rg2+ 59. Kf6 Rh2 60. h5
Kd3 61. h6 Ke4 62. h7 Rh6+ 63. Ke7 Nf5+ 64. Kd7 Nxd4 65. Ng5+ Kxf4 66. Rg8 Nf3
67. Ne6+ Ke3 68. h8=Q Rxh8 69. Rxh8 d4 70. Rh3 d3 71. Ng5 d2 72. Rh1 Ne1 73.
Rh3+ Kd4 74. Ne6+ Kc4 75. Rh4+ Kc3 76. Rd4 Nd3 77. Rd5 d1=Q 78. Nf4 Qg4+ 79. Ne6
Qa4+ 0-1

[Event "World Blitz 2025"]
[Site "Doha QAT"]
[Date "2025.12.30"]
[Round "15.65"]
[White "Salinas Herrera, Pablo"]
[Black "Samadov, Read"]
[Result "1-0"]
[WhiteTitle "GM"]
[BlackTitle "IM"]
[WhiteElo "2473"]
[BlackElo "2510"]
[WhiteFideId "3407128"]
[BlackFideId "13417444"]
[EventDate "2025.12.29"]

1. e4 c5 2. Nf3 d6 3. Bb5+ Nd7 4. a4 Nf6 5. Nc3 g6 6. a5 Bg7 7. O-O O-O 8. Re1
a6 9. Bf1 e5 10. d3 Nb8 11. Nd5 Nc6 12. Nb6 Rb8 13. Nc4 h6 14. Bd2 Re8 15. h3
Be6 16. c3 Qc7 17. Qa4 Rbd8 18. Nb6 d5 19. Be3 Bf8 20. Rac1 Kh7 21. Red1 Be7 22.
Be2 Bf8 23. Ra1 Kg7 24. Nh2 d4 25. Bd2 Nd7 26. Nd5 Qd6 27. c4 f5 28. Rab1 fxe4
29. dxe4 Nf6 30. Bd3 Bf7 31. Rdc1 Nh5 32. b4 Bxd5 33. bxc5 Qf6 34. cxd5 Ne7 35.
Rxb7 Kh8 36. Ng4 Qh4 37. Nxe5 Nf4 38. Rxe7 Bxe7 39. Bxf4 Kg7 40. Bg3 Qg5 41. Rb1
Bxc5 42. Nf3 Qf6 43. Rb7+ Kg8 44. e5 Qf8 45. Qc6 1-0

[Event "World Blitz 2025"]
[Site "Doha QAT"]
[Date "2025.12.30"]
[Round "15.66"]
[White "Sankalp, Gupta"]
[Black "Puranik, Abhimanyu"]
[Result "0-1"]
[WhiteTitle "GM"]
[BlackTitle "GM"]
[WhiteElo "2557"]
[BlackElo "2622"]
[WhiteFideId "5097010"]
[BlackFideId "5061245"]
[EventDate "2025.12.29"]

1. e4 c5 2. Nf3 Nc6 3. d4 cxd4 4. Nxd4 Qb6 5. Nb3 e6 6. a3 Qc7 7. Nc3 a6 8. g3
b5 9. Bg2 Bb7 10. O-O Ne5 11. Qe2 Be7 12. Bf4 Nf6 13. Nd4 O-O 14. Nf3 d6 15.
Nxe5 dxe5 16. Be3 Rfd8 17. Rfd1 h6 18. Rxd8+ Rxd8 19. Rd1 Rc8 20. Rd3 Nd7 21. b4
Nb6 22. Qd1 Bc6 23. Bxb6 Qxb6 24. Ne2 Qb7 25. Qd2 Rc7 26. f3 Bg5 27. Qd1 Qb6+
28. Kf1 a5 29. c3 axb4 30. axb4 Ra7 31. h4 Be7 32. Nc1 Ra1 33. Qc2 Qa7 34. Rd1
Be8 35. Ke2 Qc7 36. Qd3 Ra3 37. Ke1 Rxc3 38. Qd2 Bxb4 39. Kf1 Rxf3+ 0-1

[Event "World Blitz 2025"]
[Site "Doha QAT"]
[Date "2025.12.30"]
[Round "15.67"]
[White "Piliposyan, Robert"]
[Black "Bjerre, Jonas Buhl"]
[Result "0-1"]
[WhiteTitle "IM"]
[BlackTitle "GM"]
[WhiteElo "2442"]
[BlackElo "2623"]
[WhiteFideId "13309978"]
[BlackFideId "1444948"]
[EventDate "2025.12.29"]

1. d4 Nf6 2. c4 e6 3. Nf3 Bb4+ 4. Nbd2 d6 5. a3 Bxd2+ 6. Bxd2 a5 7. g3 Nc6 8.
Bg2 a4 9. O-O O-O 10. Qc2 e5 11. dxe5 dxe5 12. Rfd1 Qe7 13. Bc3 Qc5 14. b3 axb3
15. Qxb3 Ne4 16. Be1 Nd6 17. Bb4 Qa7 18. Bxd6 cxd6 19. Rxd6 Be6 20. Rad1 h6 21.
Qb2 Bxc4 22. Nxe5 Nxe5 23. Qxe5 Qxa3 24. Bxb7 Rae8 25. Qd4 Bxe2 26. Ra1 Qb3 27.
Bd5 Qc2 28. Kg2 Bh5 29. Ra2 Qf5 30. Ra1 Bg4 31. h4 Re2 32. Qf4 Bh3+ 33. Kg1 Qxf4
34. gxf4 Re7 35. Ra3 Bf5 36. Rg3 h5 37. Rg5 g6 38. Bf3 Kh7 39. Rf6 Re6 40. Rxe6
fxe6 41. Kg2 Rb8 42. Kg3 Rb3 43. Kg2 Rc3 44. Be2 Kh6 45. Ba6 Be4+ 46. Kg1 Rf3
47. Re5 Bf5 48. Bc8 Rxf4 49. Bxe6 Rg4+ 50. Kf1 Bd3+ 51. Ke1 Rxh4 52. Kd2 Be4 53.
Ke3 Bg2 54. Bd5 Rh3+ 55. Ke2 Bxd5 56. Rxd5 Rh1 57. Kf3 Rg1 58. Rd8 Kg5 59. Rd5+
Kh4 60. Rd4+ Kh3 61. Rd8 g5 62. Rh8 h4 63. Rh7 g4+ 64. Ke2 Ra1 65. Rh8 Ra2+ 66.
Kf1 Ra1+ 67. Ke2 Rg1 68. Rh7 Rh1 69. Rg7 g3 70. fxg3 hxg3 71. Rg8 Ra1 72. Rh8+
Kg2 73. Rg8 Kh2 74. Rh8+ Kg1 75. Rh7 g2 76. Rh8 Ra6 77. Rh7 Re6+ 78. Kd2 Re5 79.
Rh8 Kf2 80. Rf8+ Kg3 81. Rg8+ Kf3 82. Kd3 Rd5+ 83. Kc2 Rd4 0-1

[Event "World Blitz 2025"]
[Site "Doha QAT"]
[Date "2025.12.30"]
[Round "15.68"]
[White "Siddharth, Jagadeesh"]
[Black "Jumabayev, Rinat"]
[Result "0-1"]
[WhiteTitle "GM"]
[BlackTitle "GM"]
[WhiteElo "2489"]
[BlackElo "2560"]
[WhiteFideId "5818320"]
[BlackFideId "13702661"]
[EventDate "2025.12.29"]

1. c4 e5 2. Nc3 Nf6 3. Nf3 Nc6 4. e3 Be7 5. Qb3 Bc5 6. d3 O-O 7. Be2 Re8 8. O-O
a6 9. a3 d6 10. Qc2 Bf5 11. b4 Ba7 12. Bb2 h6 13. h3 Qd7 14. Rfd1 Ne7 15. Rac1
Ng6 16. e4 Bxh3 17. gxh3 Qxh3 18. Nh2 Bxf2+ 19. Kh1 Bg3 20. Bf1 Qh4 21. Nd5 Ng4
22. Rd2 Rac8 23. Rg2 Nxh2 24. Rxh2 Bxh2 25. Qxh2 Qxh2+ 26. Kxh2 c6 27. Ne3 Nf4
28. c5 dxc5 29. bxc5 Rcd8 30. Rd1 Ne6 31. Bxe5 Nxc5 32. Bb2 f6 33. Be2 Re7 34.
Rg1 Kf8 35. Nf5 Red7 36. a4 Nxd3 37. Ba3+ c5 38. Bxd3 Rxd3 39. Bxc5+ Ke8 40.
Rxg7 Rd2+ 41. Kg3 R8d3+ 42. Kf4 h5 43. Rxb7 Rd1 44. Ne3 Rc1 45. Bb4 Rb1 46. a5
Rb2 47. Kf3 Rbb3 48. Re7+ Kd8 49. Bc5 Rxe3+ 50. Kf2 Rec3 51. Bd6 Rc6 0-1

[Event "World Blitz 2025"]
[Site "Doha QAT"]
[Date "2025.12.30"]
[Round "15.85"]
[White "Ansat, Aldiyar"]
[Black "Wafa, Hamed"]
[Result "1-0"]
[WhiteTitle "IM"]
[BlackTitle "IM"]
[WhiteElo "2479"]
[BlackElo "2373"]
[WhiteFideId "13715658"]
[BlackFideId "10628452"]
[EventDate "2025.12.29"]

1. Nf3 Nf6 2. g3 c5 3. Bg2 Nc6 4. O-O d5 5. d4 e6 6. c4 dxc4 7. Qa4 Bd7 8. dxc5
Bxc5 9. Qxc4 Be7 10. Nc3 O-O 11. Rd1 Rc8 12. Qb3 Na5 13. Qc2 Qb6 14. Be3 Qa6 15.
Ne5 Bb5 16. a4 Bc4 17. Nxc4 Nxc4 18. Bf4 Bb4 19. Qb3 Qb6 20. Ne4 Nd5 21. Rac1
Nxf4 22. gxf4 Na5 23. Qg3 Be7 24. Rxc8 Rxc8 25. h4 Qxb2 26. Rd7 Bf8 27. Ng5 Qc1+
28. Kh2 Rc7 29. Rd8 Rc8 30. Rd7 Rc7 31. Rd8 Nc6 32. Re8 Ne7 33. Nxh7 Kxh7 34.
Rxf8 Nf5 35. Qg5 Rc4 36. e3 Nh6 37. Qd8 Qc2 38. h5 Ng4+ 39. Kh3 Nxf2+ 40. Kh4
Rxf4+ 1-0

[Event "World Blitz 2025"]
[Site "Doha QAT"]
[Date "2025.12.30"]
[Round "15.86"]
[White "Materia, Marco"]
[Black "Gharibyan, Mamikon"]
[Result "0-1"]
[WhiteTitle "IM"]
[BlackTitle "GM"]
[WhiteElo "2497"]
[BlackElo "2491"]
[WhiteFideId "45150451"]
[BlackFideId "13308300"]
[EventDate "2025.12.29"]

1. d4 Nf6 2. c4 e6 3. Nf3 d5 4. g3 Be7 5. Bg2 O-O 6. O-O dxc4 7. Qc2 a6 8. a4
Bd7 9. Qxc4 Bc6 10. Bg5 Nbd7 11. Rd1 h6 12. Bxf6 Nxf6 13. Nc3 a5 14. e3 Bxf3 15.
Bxf3 c6 16. h4 h5 17. Rac1 Qb6 18. Qe2 g6 19. Qc2 Kg7 20. Nb1 Rac8 21. Nd2 Rfd8
22. Nc4 Qc7 23. Kg2 Bb4 24. Ne5 Qe7 25. Nd3 Bd6 26. Qc3 Qc7 27. e4 Be7 28. d5
exd5 29. exd5 Qb6 30. dxc6 bxc6 31. Ne5 Rxd1 32. Rxd1 c5 33. Rd7 Qe6 34. Ra7 c4
35. Rxa5 Kg8 36. Ra7 Rc5 37. Ra8+ Kg7 38. Nxf7 Kxf7 39. a5 Qe5 40. Qd2 c3 41.
bxc3 Qxc3 42. Qh6 Rxa5 43. Rb8 Ra2 44. Bd1 Rb2 45. Rxb2 Qxb2 46. Qe3 Qb4 47.
Bb3+ Ke8 48. Bc2 Kf7 49. Bb3+ Kg7 50. f3 Qd6 51. Ba2 Bd8 52. Qb3 Qe7 53. Qc4 Bc7
54. Bb3 Bd6 55. f4 Qb7+ 56. Kf2 Ng4+ 57. Ke1 Qb4+ 58. Ke2 Qxc4+ 59. Bxc4 Kf6 60.
Bd3 Bc5 61. Kf3 Bf2 62. Bb5 Be1 63. Bd7 Nh6 64. g4 hxg4+ 65. Bxg4 Bxh4 66. Bd7
Be1 67. Ke2 Bb4 68. Kf3 Bd6 69. Bh3 Nf5 70. Ke4 Ng3+ 71. Kf3 Nh5 72. Bd7 Nxf4
73. Be8 g5 74. Kg4 Nd3 75. Bb5 Ne5+ 76. Kg3 Kf5 77. Ba4 g4 78. Bc2+ Kg5 79. Bd1
Nf3+ 80. Kg2 Kf4 81. Ba4 g3 82. Bc6 Nh4+ 83. Kh3 Nf5 84. Kg2 Ne3+ 85. Kh3 Nc4
86. Bb7 Ke3 87. Kg2 Bf4 88. Ba6 Ne5 89. Bb7 Ng6 90. Bc6 Nh4+ 91. Kh3 Nf5 92. Kg2
Be5 93. Bb7 Kf4 94. Bc6 Nh4+ 95. Kh3 Bf6 96. Bb7 Nf5 97. Kg2 Ne3+ 98. Kh3 Be5
99. Bc6 Nc2 100. Kg2 Ke3 101. Bb7 Ne1+ 102. Kf1 Bc3 103. Ba8 Kf4 104. Bb7 Bb4
105. Bc6 Kg4 106. Kg1 Kh3 107. Bd7+ Kh4 108. Bc6 Bc5+ 109. Kf1 Nc2 110. Kg2 Nd4
111. Bb7 Nf5 112. Bc6 Ne3+ 113. Kg1 Kg4 114. Bd7+ Kf4 115. Bc6 Nd5+ 116. Kg2 Nf6
117. Bb7 Ng4 118. Bc6 Ne3+ 119. Kg1 Nc2+ 120. Kg2 Bf2 121. Bb7 Kg5 122. Kh3 Ne1
123. Bc6 Kf4 124. Bb7 Bg1 125. Bc6 Bh2 126. Bb7 Ke3 127. Bc6 Kf2 128. Bb7 Nf3 0-1